1 Peter, 2 Peter, Jude : A Pentecostal Commentary /

This commentary, written from a distinctively Pentecostal perspective is primarily for pastors, lay persons and Bible students. It is based upon the best scholarship, written in popular language, and communicates the meaning of the text with minimal technical distractions. The author offers a runnin...

وصف كامل

محفوظ في:

المؤلف الرئيسي: Skaggs, Rebecca (مؤلف)

التنسيق: كتاب الكتروني

اللغة: English

منشور في: Leiden, Boston : BRILL, 2012.

سلاسل: Pentecostal Commentary Series 2.
Deo Publishing, Religion and Theology Special E-Book Collection, 1999-2017, ISBN: 9789004401549.

الموضوعات:

الوصول للمادة أونلاين: Login to view Source

الوسوم: إضافة وسم

لا توجد وسوم, كن أول من يضع وسما على هذه التسجيلة!

رقم الطلب: BS2795.53

LEADER 02518cam a2200469Ii 4500
001 BRILL9789004397255
003 nllekb
005 20210602103629.0
006 m d
007 cr un uuuua
008 190426s2012 gw sb 001 0 eng d
020 |a 9789004397255  |q (electronic book) 
020 |z 9781905679201  |q (print) 
024 7 |a 10.1163/9789004397255  |2 DOI 
035 |a (OCoLC)55893610 
040 |a NL-LeKB  |c NL-LeKB  |e rda 
050 4 |a BS2795.53 
072 7 |a HRCM  |2 bicssc 
072 7 |a REL  |x 067000  |2 bisacsh 
082 0 4 |a 225.7  |2 23 
100 1 |a Skaggs, Rebecca,  |e author. 
245 1 0 |a 1 Peter, 2 Peter, Jude :  |b A Pentecostal Commentary /  |c Rebecca Skaggs. 
264 1 |a Leiden,   |a Boston :  |b BRILL,  |c 2012. 
300 |a 1 online resource. 
336 |a text  |b txt  |2 rdacontent 
337 |a computer  |b c  |2 rdamedia 
338 |a online resource  |2 rdacarrier 
490 0 |a Pentecostal Commentary Series;  |v v.2 
490 0 |a Deo Publishing, Religion and Theology Special E-Book Collection, 1999-2017, ISBN: 9789004401549 
504 |a Includes bibliographical references and index. 
505 0 0 |a Preliminary Material -- Editor's Preface -- Author's Preface -- Abbreviations -- Part I 1 Peter -- 1 Peter -- Part II 2 PETER -- 2 Peter -- Part III Jude -- Jude -- Epilogue. 
520 |a This commentary, written from a distinctively Pentecostal perspective is primarily for pastors, lay persons and Bible students. It is based upon the best scholarship, written in popular language, and communicates the meaning of the text with minimal technical distractions. The author offers a running exposition on the text and extended comments on matters of special significance for Pentecostals. She acknowledges and interacts with alternative interpretations of individual passages, and her commentary also provides periodic opportunities for reflection upon and personal response to the biblical text. 
650 0 |a Bible  |x Jude. 
650 0 |a Bible  |x Peter. 
650 0 |a Bible  |x Catholic Epistles. 
776 0 8 |i Print version:  |t 1 Peter, 2 Peter, Jude: A Pentecostal Commentary  |d Leiden, Boston : BRILL, 2012,  |z 9781905679201 
830 0 |a Pentecostal Commentary Series  |v 2. 
830 0 |a Deo Publishing, Religion and Theology Special E-Book Collection, 1999-2017, ISBN: 9789004401549. 
856 4 |z DOI:   |u http://dx.doi.org/10.1163/9789004397255 
942 |c EBOOK 
952 |0 0  |1 0  |4 0  |7 1  |9 15324  |a BRILL  |b BRILL  |d 2021-06-02  |l 0  |r 2021-06-02 00:00:00  |w 2021-06-02  |y EBOOK 
999 |c 36771  |d 36771